Putana - Ninho - Statistiques

Statistiques générales
  • Ce quiz a été pris 176 fois
  • Le résultat moyen est 271 sur 513
Statistiques - réponses
Réponse % Correct
à
94%
a
94%
que
93%
Que
93%
ce
87%
ma
87%
va
87%
de
86%
dans
85%
Dans
85%
te
85%
je
84%
Je
84%
un
84%
Un
84%
plus
83%
ans
82%
comme
82%
dix
82%
quon
82%
devenir
80%
peut
79%
tête
79%
Putana
77%
ça
76%
disait
76%
Jme
76%
jme
76%
rappelle
76%
même
75%
dimanche
74%
le
72%
elle
71%
Elle
71%
la
71%
71%
71%
La
71%
Questce
71%
Maria
64%
mais
62%
pas
62%
tes
62%
mon
61%
ces
60%
Tout
60%
jai
57%
texpliquer
57%
les
55%
se
55%
voudrait
55%
mieux
54%
toute
54%
des
53%
Des
53%
jvide
53%
lépouse
53%
jpourrais
52%
et
51%
Et
51%
Si
51%
si
51%
en
49%
teille
49%
toutes
49%
vie
49%
moi
48%
kilos
47%
poussé
47%
au
46%
maille
46%
qui
46%
Jdois
45%
on
45%
On
45%
toi
45%
Viens
41%
viens
41%
récupérer
40%
ta
40%
Montremoi
38%
montremoi
38%
yeux
38%
regard
37%
tue
37%
glock
36%
une
36%
barre
34%
deux
33%
bleus
32%
est
32%
sais
32%
gros
31%
31%
sur
30%
bloqué
29%
janvier
29%
putanas
29%
bandit
28%
bisous
28%
première
28%
quoi
28%
aussi
26%
durer
26%
envie
26%
film
26%
fois
26%
vu
26%
tombée
25%
cas
24%
grandi
24%
ya
24%
Malheureusement
23%
tas
23%
truc
23%
ennuis
22%
jlai
22%
autres
21%
main
21%
petit
21%
puce
21%
rempli
21%
Rempli
21%
rêvé
21%
Jte
20%
Son
20%
billets
18%
Cest
18%
cest
18%
Javoue
18%
baby
17%
numéro
17%
ouais
17%
violets
17%
F430
16%
faire
16%
jcasse
16%
nuit
16%
eh
15%
Cette
14%
jvais
14%
monde
14%
Non
14%
Oh
14%
croquis
13%
Donnemoi
13%
jtemmène
13%
pour
13%
cou
11%
croquer
11%
peu
11%
pote
11%
était
9%
ton
9%
quand
8%
encore
7%
nous
7%
taime
7%
bourré
6%
jour
6%
Jprendrai
6%
jsuis
6%
rentrer
6%
soin
6%
trésor
6%
cœur
5%
demande
5%
dun
5%
Jcrois
5%
mama
5%
mettrais
5%
pirate
5%
vois
5%
bizarre
3%
connaît
3%
doit
3%
formules
3%
ira
3%
keuss
3%
làbas
3%
beaucoup
2%
destin
2%
freiner
2%
jusquà
2%
juste
2%
maimer
2%
personne
2%
folie
1%
Jprendrais
1%
motel
0%
Aucun quiz correspondant
Distribution des résultats
% des personnes avec chaque résultat
Percentile par nombre de réponses
Votre historique - résultats
Vous n’avez pas pris ce quiz